Normal view
MARC view
- الادارة
Entry Topical Term
001 - CONTROL NUMBER
- control field: 44088
003 - CONTROL NUMBER IDENTIFIER
- control field: JO-AjAnu
005 - DATE AND TIME OF LATEST TRANSACTION
- control field: 20230606081313.0
008 - FIXED-LENGTH DATA ELEMENTS
- fixed length control field: 230606|| aca||aabn | a|a d
040 ## - CATALOGING SOURCE
- Original cataloging agency: JO-AjAnu
- Transcribing agency: JO-AjAnu
150 ## - HEADING--TOPICAL TERM
- Topical term or geographic name entry element: الادارة
670 ## - SOURCE DATA FOUND
- Source citation: Work cat.: (JO-AjAnu)22574: اعداد المادة العلمية: خبراء مركز الخبرات المهنية للادارة بميك؛ مستشار:عبد الرحمن توفيق, author 44087, ادارة التغيير